The Dragon's Head (Record no. 577788)

MARC details
000 -LEADER
fixed length control field 00681nam a2200169Ia 4500
008 - FIXED-LENGTH DATA ELEMENTS--GENERAL INFORMATION
fixed length control field 250728s9999 xx 000 0 und d
020 ## - INTERNATIONAL STANDARD BOOK NUMBER
ISBN 9780919838246
082 ## - DEWEY DECIMAL CLASSIFICATION NUMBER
Classification number 951.132
Item number FUS
100 ## - MAIN ENTRY--AUTHOR NAME
Personal name Foster, Harold D.
245 #4 - TITLE STATEMENT
Title The Dragon's Head
260 ## - PUBLICATION, DISTRIBUTION, ETC. (IMPRINT)
Name of publisher UBC Press
Year of publication 1998
300 ## - PHYSICAL DESCRIPTION
Number of Pages 352 pages
500 ## - GENERAL NOTE
General note This volume provides a comprehensive review of the geography of Shanghai. It is divided into three sections: an examination of the physical geography of the Yangtze River Delta; a review of the area's resources; and a focus on Shanghai's attempts to revitalize its infrastructure and economy.
650 ## - SUBJECT ADDED ENTRY--TOPICAL TERM
Topical Term History
942 ## - ADDED ENTRY ELEMENTS (KOHA)
Koha item type English Books
Holdings
Withdrawn status Lost status Damaged status Not for loan Home library Current library Shelving location Date acquired Full call number Accession Number Price effective from Koha item type
        Anna Centenary Library Anna Centenary Library 7TH FLOOR, B WING 28.07.2025 951.132 FUS 424470 28.07.2025 English Books

Find us on the map